Central Library OPAC University of Rajshahi

The defence of Western Europe / (Record no. 24635)

MARC details
000 -LEADER
fixed length control field 00692nam a2200241 a 4500
001 - CONTROL NUMBER
control field 24635
003 - CONTROL NUMBER IDENTIFIER
rucl marc code BD-RjUL
005 - DATE AND TIME OF LATEST TRANSACTION
control field 20211209001057.0
008 - FIXED-LENGTH DATA ELEMENTS--GENERAL INFORMATION
fixed length control field 140315s1952 enk 000 0 eng d
035 ## - SYSTEM CONTROL NUMBER
System control number (BD-RjUL)24704
040 ## - CATALOGING SOURCE
Original cataloging agency IQU
Transcribing agency IQU
Modifying agency UKM
-- BD-RjUL
Language of cataloging eng
041 ## - LANGUAGE CODE
Language code of text/sound track or separate title eng
082 ## - DEWEY DECIMAL CLASSIFICATION NUMBER
Classification number 940.55
Author mark and year MID 1952
100 1# - MAIN ENTRY--PERSONAL NAME
Personal name Middleton, Drew,
Dates associated with a name 1913-1990
9 (RLIN) 75815
245 14 - TITLE STATEMENT
Title The defence of Western Europe /
Statement of responsibility, etc. Drew Middleton.
260 ## - PUBLICATION, DISTRIBUTION, ETC. (IMPRINT)
Place of publication, distribution, etc. NewYork :
Name of publisher, distributor, etc. Appleton-Century-Crofts,Inc.,
Date of publication, distribution, etc. 1952.
300 ## - PHYSICAL DESCRIPTION
Pagination 313 p. ;
Size 20 cm.
650 #0 - SUBJECT ADDED ENTRY--TOPICAL TERM
Topical term or geographic name as entry element World politics
Chronological subdivision 1945-1989
9 (RLIN) 75816
651 #0 - SUBJECT ADDED ENTRY--GEOGRAPHIC NAME
Geographic name Europe
General subdivision Defenses.
9 (RLIN) 17928
942 ## - ADDED ENTRY ELEMENTS (KOHA)
Source of classification or shelving scheme Dewey Decimal Classification
Koha item type Books
Holdings
Lost status Source of classification or shelving scheme Damaged status Not for loan Collection code Permanent Location Current Location Shelving location Date acquired Source of acquisition Cost, normal purchase price Total Checkouts Full call number Date last seen Copy number Koha item type
  Dewey Decimal Classification     Non-fiction Central Library, University of Rajshahi Central Library, University of Rajshahi   25/10/1990 Shukat osman 0.00   940.55 MID 1952 15/03/2014 C-1 Books
  Dewey Decimal Classification     Non-fiction Central Library, University of Rajshahi Central Library, University of Rajshahi       0.00   940.55 MID 1952 15/03/2014 C-2 Books
  Dewey Decimal Classification   Added to bundle Non-fiction Central Library, University of Rajshahi Central Library, University of Rajshahi Reading Room 18/02/1958 U.S.I.S. Dacca 0.00   940.55 MID 1952 15/03/2014 C-1 Books